| 000 -LEADER |
| fixed length control field |
02693cam a22004577a 4500 |
| 001 - CONTROL NUMBER |
| control field |
7810199 |
| 003 - CONTROL NUMBER IDENTIFIER |
| control field |
OSt |
| 005 - DATE AND TIME OF LATEST TRANSACTION |
| control field |
20211123154009.0 |
| 006 - FIXED-LENGTH DATA ELEMENTS--ADDITIONAL MATERIAL CHARACTERISTICS |
| fixed length control field |
m d |
| 007 - PHYSICAL DESCRIPTION FIXED FIELD--GENERAL INFORMATION |
| fixed length control field |
cr n |
| 008 - FIXED-LENGTH DATA ELEMENTS--GENERAL INFORMATION |
| fixed length control field |
090409s2009 maua sb 001 0 eng d |
| 015 ## - NATIONAL BIBLIOGRAPHY NUMBER |
| National bibliography number |
GBA8B4484 |
| Source |
bnb |
| 016 7# - NATIONAL BIBLIOGRAPHIC AGENCY CONTROL NUMBER |
| Record control number |
014765786 |
| Source |
Uk |
| 020 ## - INTERNATIONAL STANDARD BOOK NUMBER |
| International Standard Book Number |
9789382291091 |
| 035 ## - SYSTEM CONTROL NUMBER |
| System control number |
(WaSeSS)ssj0000240568 |
| 038 ## - RECORD CONTENT LICENSOR |
| Staff Name |
Khadija |
| 040 ## - CATALOGING SOURCE |
| Original cataloging agency |
UKM |
| Transcribing agency |
UKM |
| Modifying agency |
BWX |
| -- |
CDX |
| -- |
IPL |
| -- |
OKU |
| -- |
YDXCP |
| -- |
FER |
| -- |
DLC |
| -- |
WaSeSS |
| 042 ## - AUTHENTICATION CODE |
| Authentication code |
lccopycat |
| 050 #4 - LIBRARY OF CONGRESS CALL NUMBER |
| Classification number |
TL867 |
| Item number |
.S24 2012. |
| 082 04 - DEWEY DECIMAL CLASSIFICATION NUMBER |
| Classification number |
629.89553 |
| Edition number |
22 |
| Author Mark |
CHI |
| 100 ## - MAIN ENTRY--PERSONAL NAME |
| Relator code |
Musgrave, Gary Eugene |
| 210 10 - ABBREVIATED TITLE |
| Abbreviated title |
Safety design for space systems |
| 245 00 - TITLE STATEMENT |
| Title |
Safety design for space systems / |
| Statement of responsibility, etc. |
edited by Gary Eugene Musgrave, Axel (Skip) M. Larsen, Tommaso Sgobba. |
| 260 ## - PUBLICATION, DISTRIBUTION, ETC. |
| Place of publication, distribution, etc. |
Burlington, MA ; |
| -- |
Oxford : |
| Name of publisher, distributor, etc. |
Butterworth-Heinemann, |
| Date of publication, distribution, etc. |
c2012. |
| 500 ## - GENERAL NOTE |
| General note |
Sponsored by the International Association for the Advancement of Space Safety. |
| 504 ## - BIBLIOGRAPHY, ETC. NOTE |
| Bibliography, etc. note |
Includes bibliographical references and index. |
| 505 0# - FORMATTED CONTENTS NOTE |
| Formatted contents note |
Introduction to space safety -- The space environment : natural and induced -- Overview of bioastronautics -- Basic principles of space safety -- Human rating concepts -- Life support systems safety -- Emergency systems -- Collision avoidance systems -- Robotic systems safety -- Meteoroid and debris protection -- Noise control design -- Materials safety -- Oxygen systems safety -- Avionics safety -- Software system safety -- Battery safety -- Mechanical systems safety -- Containment of hazardous materials -- Failure tolerance design -- Propellant systems safety -- Pyrotechnic safety -- Extravehicular activity safety -- Emergency, caution, and warning system -- Laser safety -- Crew training safety : an integrated process -- Safety considerations for the ground environment -- Fire safety -- Safe without services design -- Probabilistic risk assessment with emphasis. |
| 506 ## - RESTRICTIONS ON ACCESS NOTE |
| Terms governing access |
License restrictions may limit access. |
| 563 ## - BINDING INFORMATION |
| Binding note |
PB |
| 650 #0 - SUBJECT ADDED ENTRY--TOPICAL TERM |
| Topical term or geographic name entry element |
Astronautics |
| General subdivision |
Safety measures. |
| 9 (RLIN) |
84940 |
| 700 1# - ADDED ENTRY--PERSONAL NAME |
| Personal name |
Musgrave, Gary Eugene, |
| Dates associated with a name |
1947- |
| 9 (RLIN) |
84941 |
| 700 1# - ADDED ENTRY--PERSONAL NAME |
| Personal name |
Larsen, Axel M. |
| 9 (RLIN) |
84942 |
| 700 1# - ADDED ENTRY--PERSONAL NAME |
| Personal name |
Sgobba, Tommaso. |
| 9 (RLIN) |
84943 |
| 710 2# - ADDED ENTRY--CORPORATE NAME |
| Corporate name or jurisdiction name as entry element |
International Association for the Advancement of Space Safety. |
| 9 (RLIN) |
84944 |
| 773 #0 - HOST ITEM ENTRY |
| Title |
Referex Mechanical Engineering and Materials |
| 773 #0 - HOST ITEM ENTRY |
| Title |
eBook - Engineering 2009 [EBCE09] |
| 856 40 - ELECTRONIC LOCATION AND ACCESS |
| Uniform Resource Identifier |
<a href="http://www.columbia.edu/cgi-bin/cul/resolve?clio7810199.001">http://www.columbia.edu/cgi-bin/cul/resolve?clio7810199.001</a> |
| Public note |
Full text available from eBook - Engineering 2009 [EBCE09] |
| 856 40 - ELECTRONIC LOCATION AND ACCESS |
| Uniform Resource Identifier |
<a href="http://www.columbia.edu/cgi-bin/cul/resolve?clio7810199.002">http://www.columbia.edu/cgi-bin/cul/resolve?clio7810199.002</a> |
| Public note |
Full text available from Referex Mechanical Engineering and Materials |
| 910 ## - USER-OPTION DATA (OCLC) |
| User-option data |
Library of Congress record |
| 942 ## - ADDED ENTRY ELEMENTS (KOHA) |
| Source of classification or shelving scheme |
|
| Koha item type |
Book |